000
00291nam a22001457a 4500
003
SGT
082
_a
330,BHU
100
_a
BHUTANI,P.J
245
_a
PRINCIPLES OF ECONOMICS
250
_a
4TH
260
_a
NEW DELHI
_b
TAXMAN
_c
2008
300
_a
526
650
_a
ECONOMICS
942
_2
ddc
_c
BK
999
_c
9593
_d
9593